D. José Mariano Beristáin de Souza (Record no. 104411)

MARC details
000 -LEADER
campo de control de longitud fija 00638nam a2200181 i 4500
001 - NÚMERO DE CONTROL
campo de control 104411
003 - IDENTIFICADOR DE NÚMERO DE CONTROL
campo de control ES-MaACL
005 - FECHA Y HORA DE LA ÚLTIMA TRANSACCIÓN
campo de control 20230906183609.0
008 - DATOS DE LONGITUD FIJA--INFORMACIÓN GENERAL
campo de control de longitud fija 051129s1973 sp |||| |bspa d
100 1# - ENTRADA PRINCIPAL--NOMBRE DE PERSONA
Nombre de persona Millares Carlo, Agustín,
Fechas asociadas al nombre 1893-1980
9 (RLIN) 81176
245 10 - MENCIÓN DEL TÍTULO
Título D. José Mariano Beristáin de Souza
Resto del título : 1756-1817 /
Mención de responsabilidad, etc. por A. Millares Carlo.
260 ## - PUBLICACIÓN, DISTRIBUCIÓN, ETC.
Lugar de publicación, distribución, etc. Madrid :
Nombre del editor, distribuidor, etc. Instituto Enrique Flórez,
Fecha de publicación, distribución, etc. 1973.
300 ## - DESCRIPCIÓN FÍSICA
Extensión 3 h., 117 p. ;
Dimensiones 25 cm.
600 14 - PUNTO DE ACCESO ADICIONAL DE MATERIA--NOMBRE DE PERSONA
Nombre de persona Beristáin, José Mariano.
9 (RLIN) 125936
710 2# - ENTRADA AGREGADA--NOMBRE DE ENTIDAD CORPORATIVA
Nombre de entidad corporativa o nombre de jurisdicción como elemento de entrada Instituto de Historia Eclesiástica "Padre Enrique Flórez"
9 (RLIN) 4954
852 ## - LOCALIZACIÓN
Ubicación ES-MaACL
Número de control de estantería C-56241
Holdings
Estatus retirado Estado de pérdida Estado de daño No para préstamo Biblioteca de origen Biblioteca actual Ubicación en estantería Fecha de adquisición Fuente de adquisición Total de préstamos Signatura topográfica completa Código de barras Visto por última vez Precio de reemplazo Tipo de ítem Koha
        Biblioteca del Ateneo de Madrid Biblioteca del Ateneo de Madrid Depósito 2 17/01/2008     C-56241 1109015 23/02/2023 23/02/2023 Libro impreso